| 000 | 00891 a2200193 4500 | ||
|---|---|---|---|
| 001 | 57141 | ||
| 005 | 20260407155834.0 | ||
| 008 | 260407a1946 arg spa d | ||
| 003 | AR-UNSa-BCEJYS | ||
| 040 |
_aAR-UNSa-BCEJYS _bspa _cAR-UNSa-BCEJYS |
||
| 080 |
_a911.3:33 _xGeografía económica |
||
| 245 | 1 | 0 | _aGeografía Económica |
| 250 | _a4a. ed. | ||
| 264 | 1 |
_aBarcelona : _bLabor _c1946 |
|
| 505 | _aPrimera parte. Manantiales de energía y productos minerales industriales: 1. Manantiales de energía y materias primas del reino mineral – 2. Primeras materias minerales – Segunda parte. Productos alimenticios e industriales de los reinos vegetal y animal: 1. Artículos alimenticios e industriales de los reinos vegetal y animal – 2. Artículos industriales de origen vegetal y animal | ||
| 942 | _cBK | ||
| 590 | _aniveau_biblio:m niveau_hierar:0 | ||
| 100 | 1 | _aSchmidt, Walter | |
| 999 |
_c6133 _d6133 |
||